[Event "It \"]
[Site "masterchessopen.com Red Deer (Canada)"]
[Round "2"]
[White "Gardner Robert (CAN)"]
[Black "Huber Gregory (CAN)"]
[Result "1-0"]
[WhiteElo "2205"]
[BlackElo "2210"]

1.e4 c5 2.Nf3 e6 3.d4 cxd4 4.Nxd4 a6 5.Bd3 g6 6.c4 Bg7 7.Nb3 Ne7 8.Nc3 O-O
9.O-O Nbc6 10.Be3 d5 11.cxd5 exd5 12.Na4 d4 13.Bg5 b6 14.f4 f6 15.Bh4 Bd7
16.Bf2 Kh8 17.Be2 f5 18.Nxd4 {#r} 1-0

[Event "It (cat.3)"]
[Site "masterchessopen.com Sao Paulo (Brazil)"]
[Round "2"]
[White "Tsuboi Edson Kenji (BRA)"]
[Black "Bachmann Axel (PAR)"]
[Result "1-0"]
[WhiteElo "2387"]
[BlackElo "2282"]

1.e4 c5 2.Nf3 e6 3.d4 cxd4 4.Nxd4 a6 5.Bd3 Nc6 6.Nxc6 dxc6 7.Nd2 e5 8.Nc4 Bd6
9.a4 a5 10.O-O Bc7 11.Qf3 Ne7 12.b3 b5 13.axb5 cxb5 14.Na3 b4 15.Bb5+ Bd7
16.Rd1 bxa3 17.Rxd7 Qb8 18.Bxa3 {#r} 1-0

[Event "It (open)"]
[Site "masterchessopen.com Untergrombach (Germany)"]
[Round "4"]
[White "Schmied Andreas (GER)"]
[Black "Vatter Hans-Joachim (GER)"]
[Result "0-1"]
[WhiteElo "2093"]
[BlackElo "2307"]

1.e4 c5 2.Nf3 e6 3.d4 cxd4 4.Nxd4 a6 5.Bd3 Bc5 6.Nb3 Ba7 7.Qe2 Nc6 8.Be3 d6
9.Nc3 Nf6 10.Bxa7 Rxa7 11.f4 e5 12.f5 b5 13.O-O-O b4 14.Na4 Bd7 15.Qf2 O-O
16.Rhe1 a5 17.Bb5 Qb8 18.Nb6 Be8 19.Ba4 Nd4 20.Bxe8 Qxb6 {#R} 0-1

[Event "Ch Ukraine (juniors) (under 20) (g)"]
[Site "masterchessopen.com Dnepropetrovsk (Ukraine)"]
[Round "5"]
[White "Moskalets Svetlana (UKR)"]
[Black "Kalinina Olga (UKR)"]
[Result "1-0"]
[WhiteElo "2168"]
[BlackElo "1997"]

1.e4 c5 2.Nf3 e6 3.d4 cxd4 4.Nxd4 a6 5.Bd3 Qc7 6.Be3 Nf6 7.c4 Bb4+ 8.Nd2 d5
9.cxd5 exd5 10.e5 Qxe5 11.Qa4+ Nc6 12.O-O Bxd2 13.Nxc6 Qxb2 14.Bd4 b5 15.Qd1
Bc3 16.Qe1+ Ne4 17.Bxe4 Bxd4 18.Bxd5+ Be6 19.Nxd4 O-O 20.Bxa8 Qxd4 21.Bf3 Bc4
22.Qd1 {#r} 1-0

[Event "It (cat.1)"]
[Site "masterchessopen.com Budapest (Hungary)"]
[Date "2004.02.13"]
[Round "6"]
[White "Rudolf Anna (HUN)"]
[Black "Juhasz Bela (HUN)"]
[Result "1-0"]
[WhiteElo "2202"]
[BlackElo "2180"]

1.e4 c5 2.Nf3 e6 3.d4 cxd4 4.Nxd4 a6 5.Bd3 Nf6 6.O-O d6 7.c4 Be7 8.Nc3 O-O
9.Qe2 Qc7 10.Kh1 Nbd7 11.f4 Re8 12.Bd2 Bf8 13.Rae1 e5 14.Nb3 exf4 15.Rxf4 Ne5
16.Rxf6 gxf6 17.Nd5 Bg4 18.Nxc7 Bxe2 19.Bxe2 {#r} 1-0

[Event "It (open)"]
[Site "masterchessopen.com Bar (Yugoslavia)"]
[Date "2004.02.20"]
[Round "3"]
[White "Guid Matej (SLO)"]
[Black "Luksic Vladimir (MNE)"]
[Result "1-0"]
[WhiteElo "2258"]
[BlackElo "2139"]

1.e4 c5 2.Nf3 e6 3.d4 cxd4 4.Nxd4 a6 5.Bd3 Qc7 6.Qe2 d6 7.Be3 Nd7 8.O-O b5
9.f4 Bb7 10.Bf2 Be7 11.g4 h5 12.h3 hxg4 13.hxg4 g6 14.a4 bxa4 15.Rxa4 Nc5
16.Ra3 e5 17.fxe5 dxe5 18.Bg3 Nxd3 19.Rxd3 Rd8 20.Nb3 Qxc2 21.Rc3 {#r} 1-0

[Event "Ch Russia (juniors) (under 16) (g)"]
[Site "masterchessopen.com Dagomys (Russia)"]
[Round "10"]
[White "Egorova Valentina (RUS)"]
[Black "Busygina Alena (RUS)"]
[Result "1-0"]
[WhiteElo "1948"]
[BlackElo "2026"]

1.e4 c5 2.Nf3 e6 3.d4 cxd4 4.Nxd4 a6 5.Bd3 b5 6.O-O Qc7 7.Be3 Bb7 8.Nd2 Nf6
9.Rc1 Be7 10.c4 b4 11.f4 h5 12.h3 h4 13.e5 Nh5 14.Ne4 Nc6 15.c5 Qd8 16.Nd6+
Bxd6 17.cxd6 g6 18.Nb3 Kf8 19.Nc5 Bc8 20.Re1 {#r} 1-0

[Event "It (open)"]
[Site "masterchessopen.com Mar del Plata (Argentina)"]
[Date "2004.04.08"]
[Round "6"]
[White "Aguilar Andres (ARG)"]
[Black "Lujan Carolina (ARG)"]
[Result "0-1"]
[WhiteElo "2256"]
[BlackElo "2325"]

1.e4 c5 2.Nf3 e6 3.d4 cxd4 4.Nxd4 a6 5.Bd3 Nf6 6.O-O Qc7 7.c4 Nc6 8.Nxc6 dxc6
9.f4 Bc5+ 10.Kh1 e5 11.Qf3 Bg4 12.Qg3 h5 13.fxe5 h4 14.Qf4 Nh5 {#R} 0-1

[Event "It (blitz) ACP (Prelim3)"]
[Site "masterchessopen.com Internet"]
[Date "2004.04.14"]
[Round "5"]
[White "Berg Emanuel (SWE)"]
[Black "Sharevich Anna (BLR)"]
[Result "1-0"]
[WhiteElo "2529"]
[BlackElo "2266"]

1.e4 c5 2.Nf3 e6 3.d4 cxd4 4.Nxd4 a6 5.Bd3 Qb6 6.Nb3 Qc7 7.Nc3 b5 8.Be3 Bb7
9.f4 d6 10.Qf3 Nf6 11.Nd4 Nbd7 12.g4 Nc5 13.g5 Nfd7 14.O-O-O Be7 15.Kb1 Nb6
16.f5 e5 17.Nb3 Nxd3 18.cxd3 b4 19.Ne2 g6 20.Rc1 Qd7 21.Bxb6 a5 22.Rc7 {#r}
1-0

[Event "Cup Bodensee"]
[Site "masterchessopen.com Wasserburg (Germany)"]
[Date "2004.05.08"]
[Round "2"]
[White "Zwanzger Johannes (GER)"]
[Black "Raupp Thomas (GER)"]
[Result "0-1"]
[WhiteElo "2343"]
[BlackElo "2354"]

1.e4 c5 2.Nf3 e6 3.d4 cxd4 4.Nxd4 a6 5.Bd3 Bc5 6.Nb3 Ba7 7.Qg4 Nf6 8.Qxg7 Rg8
9.Qh6 Bxf2+ 10.Kd1 e5 11.Nc3 d6 12.Bg5 Rg6 13.Bxf6 Qxf6 14.Qxh7 Qg5 15.Nd2 Rh6
16.Nf3 Bg4 17.Qf5 Qg7 {#R} 0-1

[Event "It (open)"]
[Site "masterchessopen.com Chicago (USA)"]
[Date "2004.05.29"]
[Round "3"]
[White "Pasalic Mehmed (GER)"]
[Black "Davis Loal W (USA)"]
[Result "1-0"]
[WhiteElo "2362"]
[BlackElo "2141"]

1.e4 c5 2.Nf3 e6 3.d4 cxd4 4.Nxd4 a6 5.Bd3 Nc6 6.Nxc6 bxc6 7.O-O e5 8.Nd2 Nf6
9.Nc4 d6 10.f4 Qc7 11.Qe1 Be7 12.fxe5 dxe5 13.Qg3 O-O 14.Qxe5 Qxe5 15.Nxe5
Bc5+ 16.Kh1 Re8 17.Bf4 Nh5 18.Nxf7 Nxf4 19.Rxf4 h6 20.e5 Be6 21.Nd6 Bd5
22.Nxe8 {#r} 1-0

[Event "It (blitz) (qual)"]
[Site "masterchessopen.com Internet"]
[Round "3"]
[White "Golubev Mikhail (UKR)"]
[Black "Lobron Eric (GER)"]
[Result "1-0"]
[WhiteElo "2520"]
[BlackElo "2509"]

1.e4 c5 2.Nf3 e6 3.d4 cxd4 4.Nxd4 a6 5.Bd3 Bc5 6.Nb3 Ba7 7.Qe2 Nc6 8.Be3 d6
9.Nc3 Nf6 10.O-O-O O-O 11.Bxa7 Rxa7 12.f4 Qc7 13.g4 b5 14.g5 Ne8 15.e5 dxe5
16.Bxh7+ Kxh7 17.Qh5+ Kg8 18.Rd3 f5 19.g6 Nf6 20.Qh4 Ng4 21.Qh7# 1-0

[Event "Memorial E.Afromeev"]
[Site "masterchessopen.com Tula (Russia)"]
[Date "2004.07.08"]
[Round "2"]
[White "Khruschiov Alexey (MDA)"]
[Black "Larionov Sergey (UKR)"]
[Result "1-0"]
[WhiteElo "2440"]
[BlackElo "2216"]

1.e4 c5 2.Nf3 e6 3.d4 cxd4 4.Nxd4 a6 5.Bd3 Qc7 6.O-O b6 7.c4 Bb7 8.Nc3 Nf6
9.Be3 Be7 10.Kh1 d6 11.f4 Nbd7 12.Qf3 O-O 13.Rad1 Rfe8 14.Bf2 Rad8 15.Bc2 g6
{#r} 1-0

[Event "It (open)"]
[Site "masterchessopen.com Oberwart (Austria)"]
[Date "2004.07.10"]
[Round "1"]
[White "Steiner Adam (HUN)"]
[Black "Cvitan Ognjen (CRO)"]
[Result "0-1"]
[WhiteElo "2041"]
[BlackElo "2532"]

1.e4 c5 2.Nf3 e6 3.d4 cxd4 4.Nxd4 a6 5.Bd3 Bc5 6.Nb3 Ba7 7.O-O Nc6 8.Nc3 Nf6
9.Kh1 d6 10.Bg5 h6 11.Bh4 g5 12.Bg3 h5 13.f4 h4 14.Bf2 Nh5 15.Ne2 gxf4 16.Bxa7
Ng3+ 17.Nxg3 hxg3 18.h3 e5 19.Bf2 Bxh3 20.gxh3 Qh4 21.Kg2 Qxh3+ {#R} 0-1

[Event "It (open)"]
[Site "masterchessopen.com Marin (Spain)"]
[Date "2004.07.21"]
[Round "9"]
[White "Casanova Nunez Javier (ESP)"]
[Black "Perez Fungueiro Manuel A (ESP)"]
[Result "0-1"]
[WhiteElo "2110"]
[BlackElo "2294"]

1.e4 c5 2.Nf3 e6 3.d4 cxd4 4.Nxd4 a6 5.Bd3 Bc5 6.Nb3 Ba7 7.Qg4 Nf6 8.Qg3 d6
9.Nc3 Nc6 10.O-O b5 11.a3 Ne5 12.Kh1 h5 13.Bg5 h4 14.Bxh4 Nh5 15.Bxd8 Nxg3+
16.fxg3 Kxd8 17.Be2 Ke7 18.Nc1 Bd7 19.Nd3 {#R} 0-1

[Event "It (open) \"]
[Site "masterchessopen.com Berlin (Germany)"]
[Date "2004.08.18"]
[Round "5"]
[White "Mai Andreas (GER)"]
[Black "Ausan Leotito J (PHI)"]
[Result "0-1"]
[WhiteElo "1990"]
[BlackElo "1937"]

1.e4 c5 2.Nf3 e6 3.d4 cxd4 4.Nxd4 a6 5.Bd3 b5 6.O-O Bb7 7.e5 Qc7 8.Bf4 g5
9.Bxg5 Qxe5 10.Be3 Nf6 11.c3 Rg8 12.Nf3 Qh5 13.Kh1 Rxg2 14.Nbd2 Rxh2+ 15.Kg1
Rh1+ 16.Kg2 Qh3# 0-1

[Event "Tournament (Elo)"]
[Site "masterchessopen.com Gausdal (Norway)"]
[Date "2004.09.25"]
[Round "4"]
[White "Bryn Thomas (NOR)"]
[Black "Berning Boris (GER)"]
[Result "0-1"]
[WhiteElo "2009"]
[BlackElo "2186"]

1.e4 c5 2.Nf3 e6 3.d4 cxd4 4.Nxd4 a6 5.Bd3 Nf6 6.O-O d6 7.Be3 Qc7 8.Nc3 Nbd7
9.f4 h5 10.h3 b5 11.g4 hxg4 12.hxg4 Rh3 13.Rf3 Rh4 14.Rg3 b4 15.Na4 Bb7 16.Qf3
Nc5 17.Nxc5 dxc5 18.g5 Nh5 19.Rg4 Rxg4+ 20.Qxg4 cxd4 {#R} 0-1

[Event "It (open)"]
[Site "masterchessopen.com Goch (Germany)"]
[Date "2004.09.30"]
[Round "1"]
[White "Voge Andreas Dr (GER)"]
[Black "Kiechl Stefan (GER)"]
[Result "1-0"]
[WhiteElo "2142"]
[BlackElo "1887"]

1.e4 c5 2.Nf3 e6 3.d4 cxd4 4.Nxd4 a6 5.Bd3 Qc7 6.O-O Nf6 7.Nc3 b5 8.a3 Bb7
9.Kh1 d5 10.Re1 dxe4 11.Nxe4 Nxe4 12.Bxe4 Be7 13.Qf3 Bxe4 14.Qxe4 Ra7 15.Bf4
Bd6 16.Nxe6 fxe6 17.Qxe6+ {#r} 1-0

[Event "It (open)"]
[Site "masterchessopen.com Liberec (Czech Republic)"]
[Date "2004.10.30"]
[Round "9"]
[White "Kovar Vojtech (CZE)"]
[Black "Tomsia Kamil (POL)"]
[Result "1-0"]
[WhiteElo "2210"]
[BlackElo "2096"]

1.e4 c5 2.Nf3 e6 3.d4 cxd4 4.Nxd4 a6 5.Bd3 Qc7 6.O-O d6 7.Nc3 Nd7 8.f4 Ngf6
9.Be3 Be7 10.g4 O-O 11.g5 Ne8 12.Qh5 g6 13.Qh6 Nc5 14.f5 Nxd3 15.cxd3 exf5
16.Nd5 Qd8 17.exf5 Bxf5 18.Rxf5 gxf5 19.Nxf5 {#r} 1-0

[Event "It (open)"]
[Site "masterchessopen.com Bad Wiessee (Germany)"]
[Date "2004.11.03"]
[Round "5"]
[White "Butunoi Alexandru (ROM)"]
[Black "Lutz Dieter (GER)"]
[Result "1-0"]
[WhiteElo "2372"]
[BlackElo "2187"]

1.e4 c5 2.Nf3 e6 3.d4 cxd4 4.Nxd4 a6 5.Bd3 Nf6 6.O-O Qc7 7.Qe2 d6 8.f4 Nbd7
9.Kh1 g6 10.f5 gxf5 11.exf5 e5 12.Ne6 fxe6 13.fxe6 Nc5 14.Rxf6 Bxe6 15.Bf5
Bxf5 16.Rxf5 O-O-O 17.Nc3 d5 18.Bg5 Be7 19.Bxe7 Qxe7 20.Rxe5 Qf7 21.Rf1 Qg8
22.b4 {#r} 1-0

[Event "Ch France (team) (nat.2) 2004/05"]
[Site "masterchessopen.com France"]
[Date "2004.11.06"]
[Round "2"]
[White "De Sousa Jose-Claude (FRA)"]
[Black "Primel Dominique (FRA)"]
[Result "1-0"]
[WhiteElo "2298"]
[BlackElo "2127"]

1.e4 c5 2.Nf3 e6 3.d4 cxd4 4.Nxd4 a6 5.Bd3 Nf6 6.O-O Qc7 7.Qe2 d6 8.Nc3 Be7
9.Kh1 O-O 10.f4 Nbd7 11.Bd2 Nc5 12.Rae1 b6 13.e5 dxe5 14.fxe5 Nfd7 15.Bxh7+
Kxh7 16.Qh5+ Kg8 17.Rf3 f6 18.Rg3 fxe5 19.Rxg7+ Kxg7 20.Bh6+ Kg8 21.Qg6+ {#r}
1-0

[Event "Cup of \"]
[Site "masterchessopen.com Tula (Russia)"]
[Date "2004.11.19"]
[Round "6"]
[White "Zaitsev Alexander (RUS)"]
[Black "Kozlov Mikhail P (RUS)"]
[Result "1-0"]
[WhiteElo "2329"]
[BlackElo "2282"]

1.e4 c5 2.Nf3 e6 3.d4 cxd4 4.Nxd4 a6 5.Bd3 Qc7 6.O-O Nc6 7.Nxc6 dxc6 8.a4 Bc5
9.Qg4 g6 10.Kh1 e5 11.Qe2 Nf6 12.f4 Bg4 13.Qe1 O-O-O 14.Qh4 Be7 15.fxe5 Qxe5
16.Bg5 Rxd3 17.cxd3 Qxb2 18.Bxf6 Qe2 19.Nc3 {#r} 1-0

[Event "It (open)"]
[Site "masterchessopen.com Navalmoral (Spain)"]
[Date "2004.12.06"]
[Round "4"]
[White "Sanchez Silva Luis Agapito (ESP)"]
[Black "Kovacevic Slobodan (SRB)"]
[Result "0-1"]
[WhiteElo "2111"]
[BlackElo "2367"]

1.e4 c5 2.Nf3 e6 3.d4 cxd4 4.Nxd4 a6 5.Bd3 Nf6 6.O-O d6 7.Qe2 Be7 8.c4 b6
9.Nc3 Bb7 10.Kh1 Nfd7 11.Be3 O-O 12.Rac1 Re8 13.Rfd1 Nc6 14.f3 Nc5 15.b3 Nxd3
16.Qxd3 Rc8 17.Nce2 Qc7 18.Qd2 Qb8 19.Qe1 {#R} 0-1

[Event "Ch Marshall Chess Club"]
[Site "masterchessopen.com New York (USA)"]
[Date "2004.12.11"]
[Round "1"]
[White "Szuper Paul (USA)"]
[Black "Shapiro Daniel E (USA)"]
[Result "0-1"]
[WhiteElo "2192"]
[BlackElo "2264"]

1.e4 c5 2.Nf3 e6 3.d4 cxd4 4.Nxd4 a6 5.Bd3 g6 6.Be3 Bg7 7.Nc3 Ne7 8.Qd2 Nbc6
9.Bc4 Qc7 10.Bb3 b5 11.f4 O-O 12.O-O Bb7 13.f5 exf5 14.exf5 Nxd4 15.Bxd4 Bxd4+
16.Qxd4 Nxf5 17.Rxf5 gxf5 18.Bd5 Bc6 19.Kh1 Rae8 20.Qf6 Qe5 21.Qg5+ Kh8 {#R}
0-1

[Event "It (open)"]
[Site "masterchessopen.com Nice (France)"]
[Date "2004.12.27"]
[Round "3"]
[White "Sanchez Joseph (PHI)"]
[Black "Graille Michel (FRA)"]
[Result "1-0"]
[WhiteElo "2430"]
[BlackElo "2048"]

1.e4 c5 2.Nf3 e6 3.d4 cxd4 4.Nxd4 a6 5.Bd3 Nf6 6.O-O d6 7.Qe2 Nbd7 8.Nc3 Ne5
9.Kh1 Be7 10.f4 Nxd3 11.cxd3 O-O 12.Be3 Qa5 13.g4 e5 14.Nf5 Bxf5 15.gxf5 Kh8
16.Rg1 Rg8 17.Rg3 b5 18.fxe5 dxe5 19.Bg5 Rad8 20.Rh3 b4 21.Bxf6 Bxf6 22.Rxh7+
{#r} 1-0

[Event "Ch Slovakia (team) 2005/06 (1 liga) West"]
[Site "masterchessopen.com Slovakia"]
[Round "6"]
[White "Janko Zoltan (SVK)"]
[Black "Rachela Jozef (SVK)"]
[Result "1-0"]
[WhiteElo "2218"]
[BlackElo "2065"]

1.e4 c5 2.Nf3 e6 3.d4 cxd4 4.Nxd4 a6 5.Bd3 Nc6 6.Nxc6 dxc6 7.O-O Bd6 8.Nc3 e5
9.Kh1 Nf6 10.f4 Qc7 11.f5 O-O 12.g4 Ne8 13.g5 f6 14.Bc4+ Kh8 15.g6 b5 16.Qh5
{#r} 1-0

[Event "It (open)"]
[Site "masterchessopen.com Santiago (Chile)"]
[Date "2005.02.15"]
[Round "2"]
[White "Soto Rojas Juan (CHI)"]
[Black "Vargas Ivan (CHI)"]
[Result "0-1"]
[WhiteElo "1980"]
[BlackElo "2213"]

1.e4 c5 2.Nf3 e6 3.d4 cxd4 4.Nxd4 a6 5.Bd3 Qc7 6.O-O Nf6 7.Nc3 b5 8.a3 Bb7
9.Nb3 d5 10.Qe2 Nbd7 11.exd5 Nxd5 12.Nxd5 Bxd5 13.f4 Bd6 14.Bd2 O-O 15.Rae1
Rae8 16.Qh5 Nf6 17.Qh4 Bc4 18.Re3 Bxd3 19.Rxd3 Ne4 {#R} 0-1

[Event "It \"]
[Site "masterchessopen.com Connecticut (USA)"]
[Date "2005.03.24"]
[Round "2"]
[White "Milman Lev (USA)"]
[Black "Kleiman Jake (USA)"]
[Result "1-0"]
[WhiteElo "2478"]
[BlackElo "2257"]

1.e4 c5 2.Nf3 e6 3.d4 cxd4 4.Nxd4 a6 5.Bd3 Qc7 6.O-O Nf6 7.Qe2 d6 8.f4 g6
9.Nd2 Bg7 10.e5 dxe5 11.fxe5 Nfd7 12.Nc4 Nxe5 13.Bf4 Nbd7 14.Kh1 b5 15.Nxe5
Bxe5 16.Rae1 f6 17.Qf3 Bb7 18.Bxe5 Qb6 19.Be4 O-O 20.Bg3 Ne5 21.Qe2 {#r} 1-0

[Event "It (open) \"]
[Site "masterchessopen.com Neiva (Colombia)"]
[Date "2005.05.14"]
[Round "8"]
[White "Garcia Gildardo (COL)"]
[Black "Korneev Oleg (RUS)"]
[Result "0-1"]
[WhiteElo "2431"]
[BlackElo "2601"]

1.e4 c5 2.Nf3 e6 3.d4 cxd4 4.Nxd4 a6 5.Bd3 Bc5 6.Nb3 Ba7 7.Qe2 Nc6 8.Be3 d6
9.Nc3 Nge7 10.O-O-O b5 11.f4 b4 12.Na4 Bd7 13.e5 Nd5 14.Bxa7 Nxa7 15.Be4 O-O
16.Bxd5 exd5 17.Rxd5 Bxa4 18.Nd4 Bd7 19.Rd1 Nb5 20.Nxb5 axb5 21.Rxd6 Ra7
22.R1d4 {#R} 0-1

[Event "Ch Paris (open)"]
[Site "masterchessopen.com Paris (France)"]
[Date "2005.07.13"]
[Round "5"]
[White "Romieux Sebastien (FRA)"]
[Black "Broca Alexandre (FRA)"]
[Result "1-0"]
[WhiteElo "2240"]
[BlackElo "2120"]

1.e4 c5 2.Nf3 e6 3.d4 cxd4 4.Nxd4 a6 5.Bd3 Nf6 6.f4 d6 7.Qf3 Nbd7 8.g4 e5
9.Nf5 d5 10.Nc3 g6 11.Ng3 Bg7 12.f5 dxe4 13.Ncxe4 O-O 14.Bd2 Nxe4 15.Bxe4 Nc5
16.O-O-O Qh4 17.Kb1 a5 18.Be3 Nxe4 19.Nxe4 f6 20.Bc5 h5 21.Qb3+ {#r} 1-0

[Event "It (open)"]
[Site "masterchessopen.com Balaguer (Spain)"]
[Date "2005.07.19"]
[Round "2"]
[White "Bruned Segura Mario (ESP)"]
[Black "Mateo Ramon (DOM)"]
[Result "0-1"]
[WhiteElo "2103"]
[BlackElo "2403"]

1.e4 c5 2.Nf3 e6 3.d4 cxd4 4.Nxd4 a6 5.Bd3 Bc5 6.Nb3 Ba7 7.Qg4 Nf6 8.Qxg7 Rg8
9.Qh6 Bxf2+ 10.Ke2 Bb6 11.Qh3 Nc6 12.Nc3 d5 13.exd5 exd5 14.Bf5 Bxf5 15.Qxf5
Rxg2+ {#R} 0-1

[Event "Bundesliga B East 2005/06"]
[Site "masterchessopen.com Austria"]
[Date "2005.10.08"]
[Round "1"]
[White "Froschauer Hans (AUT)"]
[Black "Janetschek Karl (AUT)"]
[Result "0-1"]
[WhiteElo "2140"]
[BlackElo "2310"]

1.e4 c5 2.Nf3 e6 3.d4 cxd4 4.Nxd4 a6 5.Bd3 Nf6 6.O-O Qc7 7.b3 b5 8.Bb2 Bb7
9.Qe2 Nc6 10.Nxc6 Qxc6 11.Nd2 Bc5 12.a4 b4 13.Kh1 h5 14.Qf3 h4 15.Nc4 Nh5
16.Ne3 Ng3+ 17.hxg3 hxg3+ 18.Kg1 e5 {#R} 0-1

[Event "It (open)"]
[Site "masterchessopen.com Calvia (Spain)"]
[Date "2005.10.21"]
[Round "1"]
[White "Berg Emanuel (SWE)"]
[Black "Fokin Sergey (RUS)"]
[Result "1-0"]
[WhiteElo "2540"]
[BlackElo "2180"]

1.e4 c5 2.Nf3 e6 3.d4 cxd4 4.Nxd4 a6 5.Bd3 Nc6 6.Nxc6 dxc6 7.Nd2 e5 8.Nc4 Ne7
9.h4 Be6 10.Bd2 Bxc4 11.Bxc4 Qd4 12.Qe2 Nc8 13.Bc3 Qc5 14.Bb3 Bd6 15.h5 a5
16.a4 b5 17.Qg4 O-O 18.h6 g6 19.Qf3 Be7 20.Rh5 {#r} 1-0

[Event "It (open)"]
[Site "masterchessopen.com Sautron (France)"]
[Date "2005.10.30"]
[Round "9"]
[White "Thibaud Corentin (FRA)"]
[Black "Bacon Julie (FRA)"]
[Result "1-0"]
[WhiteElo "2008"]
[BlackElo "1694"]

1.e4 c5 2.Nf3 e6 3.d4 cxd4 4.Nxd4 a6 5.Bd3 Nc6 6.Nxc6 dxc6 7.O-O e5 8.Nd2 Qc7
9.f4 exf4 10.Nc4 Bc5+ 11.Kh1 Nf6 12.Bxf4 Qe7 13.e5 Nd5 14.Nd6+ Bxd6 15.exd6
Qd8 16.Qh5 Nxf4 17.Rxf4 Be6 18.Re1 Kd7 19.Bf5 Qe8 20.Bxe6+ fxe6 21.Rf7+ Kd8
22.Qg5+ {#r} 1-0

[Event "Ch France (team) (nat.2) 2005/06"]
[Site "masterchessopen.com France"]
[Date "2005.11.19"]
[Round "2"]
[White "Bock Andreas (GER)"]
[Black "Wegerle Joerg (GER)"]
[Result "0-1"]
[WhiteElo "2183"]
[BlackElo "2417"]

1.e4 c5 2.Nf3 e6 3.d4 cxd4 4.Nxd4 a6 5.Bd3 Qc7 6.O-O Nf6 7.a4 b6 8.Be3 Bb7
9.Nd2 d5 10.exd5 Bxd5 11.c4 Bb7 12.a5 bxa5 13.Qa4+ Nc6 14.Nxc6 Bxc6 15.Qxa5
Qxa5 16.Rxa5 Bb4 17.Ra2 O-O-O {#R} 0-1

[Event "Ch France (team) (nat.2) 2005/06"]
[Site "masterchessopen.com France"]
[Date "2005.12.04"]
[Round "4"]
[White "Kurmann Oliver (SUI)"]
[Black "Vatter Hans-Joachim (GER)"]
[Result "1-0"]
[WhiteElo "2287"]
[BlackElo "2324"]

1.e4 c5 2.Nf3 e6 3.d4 cxd4 4.Nxd4 a6 5.Bd3 Bc5 6.Nb3 Ba7 7.Nc3 Nc6 8.Qg4 Nf6
9.Qg3 d6 10.Bg5 h6 11.Bd2 Qe7 12.O-O-O Bd7 13.f4 O-O-O 14.Be3 g5 15.Bxa7 Nxa7
16.e5 Ne8 17.Qe3 Nc6 18.Qb6 Nc7 19.Na5 Nxa5 20.exd6 Na8 21.Qc5+ {#r} 1-0

[Event "Cup Federation"]
[Site "masterchessopen.com Istanbul (Turkey)"]
[Date "2005.12.14"]
[Round "7"]
[White "Secer Ata (TUR)"]
[Black "Yagiz Yasin Emrah (TUR)"]
[Result "0-1"]
[WhiteElo "2224"]
[BlackElo "2206"]

1.e4 c5 2.Nf3 e6 3.d4 cxd4 4.Nxd4 a6 5.Bd3 Nf6 6.O-O Qc7 7.c4 Nc6 8.Nxc6 dxc6
9.Qe2 e5 10.Kh1 Bc5 11.f4 Bg4 12.Qe1 O-O-O 13.Qg3 Qd7 14.Bc2 Be2 {#R} 0-1

[Event "Ch France (team) (nat.2) 2006/07"]
[Site "masterchessopen.com France"]
[Round "3"]
[White "Olivier Jean-Christophe (FRA)"]
[Black "Aout Sebastien (FRA)"]
[Result "1-0"]
[WhiteElo "2344"]
[BlackElo "2232"]

1.e4 c5 2.Nf3 e6 3.d4 cxd4 4.Nxd4 a6 5.Bd3 Nc6 6.Nxc6 dxc6 7.f4 Bc5 8.Nd2 e5
9.Qh5 Bd4 10.fxe5 g6 11.Qf3 Bxe5 12.Nc4 Bc7 13.Bf4 b5 14.O-O-O Bxf4+ 15.Qxf4
bxc4 16.Qe5+ Kf8 17.Bxc4 Qf6 18.Qc5+ Kg7 19.Rhf1 Bf5 20.exf5 g5 21.Rd6 {#r}
1-0

[Event "It (open)"]
[Site "masterchessopen.com Kastav (Croatia)"]
[Date "2006.01.06"]
[Round "2"]
[White "Muslija Idris (CRO)"]
[Black "Loncar Robert (CRO)"]
[Result "0-1"]
[WhiteElo "2273"]
[BlackElo "2417"]

1.e4 c5 2.Nf3 e6 3.d4 cxd4 4.Nxd4 a6 5.Bd3 Nf6 6.O-O d6 7.c4 Nbd7 8.Nc3 g6
9.Qe2 Bg7 10.Be3 O-O 11.f4 e5 12.Nb3 exf4 13.Bxf4 Ne5 14.Rac1 Nh5 15.Bd2 Bg4
16.Qe3 Be6 17.Nd1 Ng4 18.Qf3 Qh4 19.h3 Be5 20.Be1 Bh2+ 21.Kh1 Bg3 22.Ne3 Ne5
{#R} 0-1

[Event "Czech League 2005/06 (1st) East"]
[Site "masterchessopen.com Czech Republic"]
[Date "2006.01.08"]
[Round "5"]
[White "Virostko Petr (CZE)"]
[Black "Pokorny Tomas (CZE)"]
[Result "1-0"]
[WhiteElo "2366"]
[BlackElo "2268"]

1.e4 c5 2.Nf3 e6 3.d4 cxd4 4.Nxd4 a6 5.Bd3 Nc6 6.Nxc6 dxc6 7.Nd2 e5 8.Nc4 Ne7
9.Be3 Ng6 10.Nb6 Rb8 11.Nxc8 Rxc8 12.Qg4 Qa5+ 13.Bd2 Qc7 14.g3 h5 15.Qf5 h4
16.Bc4 Rd8 17.O-O-O Rd4 18.Ba5 Qxa5 19.Rxd4 Qc7 20.Bxf7+ {#r} 1-0

[Event "It (open)"]
[Site "masterchessopen.com Moscow (Russia)"]
[Date "2006.02.03"]
[Round "6"]
[White "Kalinichev Andrey (EST)"]
[Black "Balashov Yuri S (RUS)"]
[Result "0-1"]
[WhiteElo "2356"]
[BlackElo "2412"]

1.d4 e6 2.Nf3 c5 3.e4 cxd4 4.Nxd4 a6 5.Bd3 Nf6 6.O-O d6 7.Nc3 Be7 8.f4 b5 9.a4
b4 10.Nce2 Bb7 11.Ng3 h5 12.Qe2 Qb6 13.Be3 Ng4 14.Nxh5 Ne5 15.Nxg7+ Kd7 {#R}
0-1

[Event "Bayern Oberliga 2005/06"]
[Site "masterchessopen.com Bayern (Germany)"]
[Date "2006.02.19"]
[Round "7"]
[White "Koepke Christian (GER)"]
[Black "Strube Frank (GER)"]
[Result "1-0"]
[WhiteElo "2316"]
[BlackElo "2197"]

1.e4 c5 2.Nf3 e6 3.d4 cxd4 4.Nxd4 a6 5.Bd3 Nf6 6.O-O Qc7 7.Qe2 d6 8.f4 Nc6
9.Nxc6 bxc6 10.b3 d5 11.Nd2 Be7 12.Bb2 a5 13.Kh1 a4 14.e5 Nd7 15.f5 Nc5 16.Qg4
g6 17.fxg6 fxg6 18.Be2 axb3 19.cxb3 Rf8 20.a3 Rf5 21.Qh3 Rh5 22.Bxh5 {#r} 1-0